[Event "Oberliga Nord O 0203"]
[Site "Germany"]
[Date "2003.02.09"]
[Round "6.5"]
[White "Schulz, Volker"]
[Black "Oliva Zamora, Fernando"]
[Result "0-1"]
[WhiteElo "2200"]
[BlackElo "2141"]
[PlyCount "62"]
[EventDate "2002.10.20"]
[EventType "team"]
[EventRounds "9"]
[EventCountry "GER"]
[SourceTitle "EXT 2009"]
[Source "ChessBase"]
[SourceDate "2008.11.26"]
[SourceVersion "1"]
[SourceVersionDate "2008.11.26"]
[SourceQuality "1"]
[WhiteTeam "Lichtenberg"]
[BlackTeam "Lasker Steglitz"]
[WhiteTeamCountry "GER"]
[BlackTeamCountry "GER"]

1. c4 e5 2. Nc3 Nf6 3. g3 c6 4. d4 exd4 5. Qxd4 Na6 6. Bg5 Be7 7. Bg2 h6 8. Bf4 0-0 9. Rd1 Re8 10. Nf3 d5 11. cxd5 Nb4 12. 0-0 Nbxd5 13. Nxd5 Qxd5 14. Qa4 Qh5 15. Qc2 Bh3 16. Rfe1 Rad8 17. Rxd8 Bxd8 18. Be3 a6 19. Bd4 Ne4 20. Rd1 Qf5 21. Qd3 Bxg2 22. Kxg2 Qd5 23. Be3 Qxd3 24. Rxd3 c5 25. Rd7 b5 26. Rb7 Bf6 27. Rb6 Bxb2 28. Rxa6 Rc8 29. Ne1 Nc3 30. Kf3 Na4 31. Ra5 Bc3 0-1

[Event "Oberliga Nord O 0203"]
[Site "Germany"]
[Date "2003.01.26"]
[Round "5.5"]
[White "Kleeschaetzky, Ralf"]
[Black "Oliva Zamora, Fernando"]
[Result "1/2-1/2"]
[WhiteElo "2188"]
[BlackElo "2141"]
[PlyCount "47"]
[EventDate "2002.10.20"]
[EventType "team"]
[EventRounds "9"]
[EventCountry "GER"]
[SourceTitle "EXT 2009"]
[Source "ChessBase"]
[SourceDate "2008.11.26"]
[SourceVersion "1"]
[SourceVersionDate "2008.11.26"]
[SourceQuality "1"]
[WhiteTeam "Oberschoeneweide"]
[BlackTeam "Lasker Steglitz"]
[WhiteTeamCountry "GER"]
[BlackTeamCountry "GER"]

1. Nf3 Nf6 2. c4 c5 3. d4 cxd4 4. Nxd4 e6 5. a3 a6 6. Nc3 d5 7. cxd5 Nxd5 8. Bd2 Bc5 9. e3 e5 10. Nb3 Be7 11. e4 Nf6 12. Be3 0-0 13. Be2 Qxd1+ 14. Rxd1 Nc6 15. f3 Rd8 16. Rxd8+ Bxd8 17. Kf2 Kf8 18. Rd1 Ke8 19. g4 h6 20. h4 h5 21. g5 Nh7 22. Nd5 Nf8 23. Nc5 Ne6 24. Nxe6 1/2-1/2